000 00710nam a2200205Ia 4500
003 GCL
008 140319s9999 xx 000 0 ara d
020 _a0871001977
040 _aGCL /
_cGCL
082 0 4 _a792.028
_bس م
100 1 _aسامية حبيب
245 1 0 _aمسرح المرأة فى مصر :
_bدراسة تاريخية اجتماعية فنية /
_cسامية حبيب
260 _aالقاهرة :
_bالهيئة المصرية العامة للكتاب ،
_c2003
300 _a212 ص ؛
_c24 سم
490 _aمكتبة الاسرة
_v0
650 0 4 _aالتمثيل فى المسرح
650 0 4 _aالمرأة فى الفن
650 0 4 _aالمرأة كفنانة
942 _2ddc
_cBK
999 _c8957
_d8957